[Event "Frankfurt Ch 2010"]
[Site "Ffm-Kalbach, LAZ"]
[Date "2010.04.26"]
[Round "1.54"]
[White "Jung, Richard"]
[Black "Djakow, Alexander"]
[Result "1/2-1/2"]
[WhiteElo "1248"]
[BlackElo "1833"]
[PlyCount "85"]
[EventDate "2010.??.??"]
[SourceDate "2009.03.13"]
[WhiteTeam "SC Bergen-Enkheim 1922"]
[BlackTeam "SC Bad Nauheim"]

1. d4 d5 2. c4 c6 3. Nc3 Nf6 4. Bg5 e6 5. e3 Nbd7 6. cxd5 exd5 7. Nf3 Bd6 8.
Bd3 O-O 9. Qc2 h6 10. Bh4 Re8 11. O-O Qc7 12. Bxf6 Nxf6 13. h3 Qe7 14. Nd2 Bb8
15. Rfe1 Qd6 16. Nf3 Bd7 17. e4 dxe4 18. Nxe4 Nxe4 19. Bxe4 Bc7 20. Rad1 Qf4
21. Rc1 g5 22. g3 Qf6 23. Qd3 Bxh3 24. Rc4 Rad8 25. Qb3 Be6 26. Qxb7 Ba5 27.
Rxc6 Bxe1 28. Nxe1 Qe7 29. Rc7 Rd7 30. Rxd7 Qxd7 31. Qxd7 Bxd7 32. f3 g4 33.
Kf2 Kg7 34. Nd3 gxf3 35. Kxf3 Bg4+ 36. Kf4 Bh5 37. Nc5 Bg6 38. Bf3 Kf6 39. b4
Ke7 40. Bc6 Rb8 41. b5 f6 42. a4 Be8 43. d5 1/2-1/2

[Event "Frankfurt Ch 2010"]
[Site "Ffm-Kalbach, LAZ"]
[Date "2010.04.26"]
[Round "1.55"]
[White "Thomele, Michael"]
[Black "Velkina, Elina"]
[Result "1-0"]
[WhiteElo "1827"]
[BlackElo "1219"]
[PlyCount "51"]
[EventDate "2010.??.??"]
[SourceDate "2009.03.13"]
[WhiteTeam "SC 1959 Obernau"]
[BlackTeam "SK 1858 Gießen"]

1. e4 e5 2. Nf3 Nc6 3. Bc4 Nf6 4. Nc3 Nxe4 5. Qe2 Nxc3 6. dxc3 d6 7. Ng5 d5 8.
Qf3 Be6 9. Nxe6 fxe6 10. Bb5 Bc5 11. Qh5+ g6 12. Bxc6+ bxc6 13. Qxe5 Kd7 14.
Bg5 Qf8 15. O-O Bd6 16. Qe2 Qf5 17. Bh4 g5 18. Bg3 h5 19. Bxd6 cxd6 20. c4 h4
21. cxd5 exd5 22. Rae1 Rae8 23. Qa6 Qxc2 24. Qxa7+ Kc8 25. Rc1 Rh7 26. Qa6+ 1-0

[Event "Frankfurt Ch 2010"]
[Site "Ffm-Kalbach, LAZ"]
[Date "2010.04.26"]
[Round "1.56"]
[White "Wöhl, Torsten"]
[Black "Machlin, Maxim"]
[Result "1/2-1/2"]
[WhiteElo "1216"]
[BlackElo "1933"]
[PlyCount "63"]
[EventDate "2010.??.??"]
[SourceDate "2009.03.13"]
[WhiteTeam "SC Groß-Zimmern"]
[BlackTeam "SK 1858 Gießen"]

1. e4 Nf6 2. e5 Nd5 3. d4 d6 4. Nf3 g6 5. h3 Bg7 6. Bc4 Nb6 7. Bb3 O-O 8. Nc3
Nc6 9. O-O dxe5 10. dxe5 Nxe5 11. Nxe5 Qxd1 12. Rxd1 Bxe5 13. Re1 Bf6 14. Bh6
Re8 15. Rab1 Bg7 16. Bxg7 Kxg7 17. Nb5 Rf8 18. Nxc7 Rb8 19. Rxe7 a5 20. a3 a4
21. Ba2 Bf5 22. Rc1 Kf6 23. Re2 Rfd8 24. c4 Rdc8 25. Nb5 Bd3 26. Ree1 Bxc4 27.
Nd6 Bxa2 28. Nxc8 Rxc8 29. Rcd1 Rc2 30. Rd6+ Kg7 31. Rxb6 Bb3 32. Rb1 1/2-1/2

[Event "Frankfurt Ch 2010"]
[Site "Ffm-Kalbach, LAZ"]
[Date "2010.04.26"]
[Round "1.57"]
[White "Goldt, Rainer"]
[Black "Diener, Carolin"]
[Result "1-0"]
[WhiteElo "1824"]
[BlackElo "1197"]
[PlyCount "49"]
[EventDate "2010.??.??"]
[SourceDate "2009.03.13"]
[WhiteTeam "Kreuznacher SV 1921"]
[BlackTeam "TuS Makkabi Ffm"]

1. e4 e5 2. Bc4 Nf6 3. Nf3 Nc6 4. d4 exd4 5. O-O d5 6. exd5 Nxd5 7. Nxd4 Nxd4
8. Qxd4 Be6 9. Re1 Nb4 10. Qe4 Be7 11. Bxe6 fxe6 12. Nc3 Rb8 13. a3 Nc6 14. Be3
Qd7 15. Rad1 Qc8 16. Qf3 Bf6 17. Bc5 a6 18. Rd3 Nd8 19. Qh5+ g6 20. Qh6 Nf7 21.
Qf4 Bg7 22. Nd5 b6 23. Nxc7+ Qxc7 24. Qxc7 Ne5 25. Qe7# 1-0

[Event "Frankfurt Ch 2010"]
[Site "Ffm-Kalbach, LAZ"]
[Date "2010.04.26"]
[Round "1.58"]
[White "Henrich, Gerhard"]
[Black "Funkschmidt, Kai Michael"]
[Result "0-1"]
[WhiteElo "1120"]
[BlackElo "1821"]
[PlyCount "66"]
[EventDate "2010.??.??"]
[SourceDate "2009.03.13"]
[WhiteTeam "SV 1920 Hofheim"]
[BlackTeam "SC Empor Maulwurf Bonn"]

1. d4 f5 2. Bf4 Nf6 3. Nf3 g6 4. e3 Bg7 5. Bd3 d6 6. Nbd2 Nc6 7. c3 e6 8. e4
O-O 9. Bc2 fxe4 10. Nxe4 Nxe4 11. Bxe4 Rxf4 12. Qe2 d5 13. Bd3 e5 14. Nxe5 Nxe5
15. dxe5 Bf5 16. O-O-O Qg5 17. Kb1 c6 18. f3 Bxd3+ 19. Rxd3 Qxe5 20. Re3 Qf5+
21. Ka1 d4 22. cxd4 Bxd4 23. Re8+ Rxe8 24. Qxe8+ Qf8 25. Qe6+ Qf7 26. Qb3 Qxb3
27. axb3 Bf6 28. Ka2 Rd4 29. h3 Rd2 30. g4 Rxb2+ 31. Ka3 Rf2 32. h4 Be7+ 33.
Ka4 Ra2# 0-1

[Event "Frankfurt Ch 2010"]
[Site "Ffm-Kalbach, LAZ"]
[Date "2010.04.26"]
[Round "1.59"]
[White "Hillgaertner, Walter"]
[Black "Paulicks, Frank"]
[Result "1/2-1/2"]
[WhiteElo "1946"]
[BlackElo "1088"]
[PlyCount "104"]
[EventDate "2010.??.??"]
[SourceDate "2009.03.13"]
[WhiteTeam "SC Bad Nauheim"]
[BlackTeam "Sfr.1891 Friedberg"]

1. Nf3 c5 2. g3 Nc6 3. Bg2 g6 4. O-O Bg7 5. e4 e5 6. d3 Nge7 7. Nc3 O-O 8. Bg5
h6 9. Be3 d6 10. Qd2 g5 11. h4 f6 12. hxg5 fxg5 13. Nh2 Nd4 14. Ne2 Nxe2+ 15.
Qxe2 Ng6 16. c3 Be6 17. b4 b6 18. a4 a5 19. b5 Rc8 20. c4 Qd7 21. f3 Rf7 22.
Rf2 Rcf8 23. Raf1 Qe7 24. Qc2 Bh8 25. Qc1 Rf6 26. Bd2 Qe8 27. Qe1 R8f7 28. Ng4
Bxg4 29. fxg4 Rxf2 30. Rxf2 Qd7 31. Rf5 Ne7 32. Rxf7 Kxf7 33. Bf3 Kg6 34. Kg2
Ng8 35. Bd1 Nf6 36. Qe3 Bg7 37. Qf3 Kf7 38. Be2 Ke7 39. Kf2 Qe8 40. Ke1 Qf8 41.
Qf5 Nd7 42. Bf3 Qf7 43. Ke2 Qe6 44. Kd1 Qf6 45. Be2 Bf8 46. Be3 Qg7 47. Kc2 Qf6
48. Bd2 Bg7 49. Be3 Qe6 50. Qh7 Qf6 51. Qg8 Qf8 52. Qd5 Qc8 1/2-1/2

[Event "Frankfurt Ch 2010"]
[Site "Ffm-Kalbach, LAZ"]
[Date "2010.04.26"]
[Round "1.60"]
[White "Liebert, Monika"]
[Black "Braunberger, Gerald"]
[Result "0-1"]
[WhiteElo "1069"]
[BlackElo "1902"]
[PlyCount "48"]
[EventDate "2010.??.??"]
[SourceDate "2009.03.13"]
[WhiteTeam "SV Schachf.Darmstadt 1994"]
[BlackTeam "Chess Tigers SFV"]

1. e4 c5 2. Nf3 d6 3. Nc3 Nc6 4. d4 cxd4 5. Nxd4 Nf6 6. Bg5 e6 7. Bb5 Bd7 8.
O-O Be7 9. f4 a6 10. Nxc6 bxc6 11. Bd3 O-O 12. e5 Ne8 13. exd6 Bxg5 14. fxg5
Qxg5 15. Ne4 Qh6 16. Nc5 Qe3+ 17. Kh1 Qxc5 18. Qh5 Qxh5 19. Rf4 e5 20. Re4 Nxd6
21. Re3 f5 22. Rxe5 Rae8 23. Rae1 Rxe5 24. Rxe5 Qd1+ 0-1

[Event "Frankfurt Ch 2010"]
[Site "Ffm-Kalbach, LAZ"]
[Date "2010.04.26"]
[Round "1.61"]
[White "Winand, Edgar"]
[Black "Urbach, Jens"]
[Result "1-0"]
[WhiteElo "1989"]
[BlackElo "927"]
[PlyCount "41"]
[EventDate "2010.??.??"]
[SourceDate "2009.03.13"]
[WhiteTeam "SC KT Oberursel"]
[BlackTeam "SC 1934 Gelnhausen"]

1. g4 e5 2. d3 Be7 3. Bg2 d6 4. c4 Bxg4 5. Bxb7 Nd7 6. Bxa8 Qxa8 7. f3 Bh4+ 8.
Kf1 Bf5 9. e4 Be6 10. Nc3 Qc6 11. Be3 Ne7 12. Qa4 Qb7 13. Qb5 Qa8 14. Nd5 Nxd5
15. cxd5 a6 16. Qb3 Nc5 17. Bxc5 Bd7 18. Be3 O-O 19. Rc1 Rb8 20. Qc3 Bd8 21. h4
1-0

[Event "Frankfurt Ch 2010"]
[Site "Ffm-Kalbach, LAZ"]
[Date "2010.04.26"]
[Round "1.67"]
[White "Genis, Roy"]
[Black "Gläser, Michael"]
[Result "1-0"]
[WhiteElo "1947"]
[BlackElo "1165"]
[PlyCount "59"]
[EventDate "2010.??.??"]
[SourceDate "2009.03.13"]
[WhiteTeam "SG 1945 Dietzenbach"]
[BlackTeam "TSG Nieder-Erlenbach 1888"]

1. e4 e5 2. Nf3 Nc6 3. d4 d6 4. d5 Na5 5. b4 b6 6. bxa5 bxa5 7. Bb5+ Bd7 8. Qd3
Nf6 9. Nc3 Be7 10. O-O O-O 11. Bg5 Nh5 12. Bxe7 Qxe7 13. Bxd7 Qxd7 14. Qb5 c6
15. dxc6 Qc7 16. Nd5 Rab8 17. Nxc7 Rxb5 18. Nxb5 Rc8 19. Nxd6 Rxc6 20. Rab1 h6
21. Nxf7 Kxf7 22. Nxe5+ Ke6 23. Nxc6 Nf4 24. f3 g5 25. Kf2 h5 26. Rfd1 a6 27.
Rb7 Ng6 28. Nd8+ Ke5 29. Rd5+ Kf6 30. Rf7# 1-0

[Event "Frankfurt Ch 2010"]
[Site "Ffm-Kalbach, LAZ"]
[Date "2010.04.26"]
[Round "1.70"]
[White "Ganjian, Mehrdad"]
[Black "Tews, Artur"]
[Result "0-1"]
[WhiteElo "1890"]
[BlackElo "1765"]
[PlyCount "124"]
[EventDate "2010.??.??"]
[SourceDate "2009.03.13"]
[WhiteTeam "Sfr. Frankfurt 1921"]
[BlackTeam "Bad Vilbeler Sfr.1985"]

1. d4 e6 2. Nf3 Nf6 3. Bf4 c5 4. e3 Nc6 5. c3 Be7 6. Nbd2 Qa5 7. Nc4 Qd8 8. h3
d5 9. Nce5 O-O 10. Bd3 Ne4 11. Qc2 f5 12. Nxc6 bxc6 13. Ne5 Qb6 14. O-O cxd4
15. exd4 c5 16. f3 cxd4 17. fxe4 dxe4 18. Nc4 Qc6 19. cxd4 exd3 20. Qxd3 Ba6
21. b3 Rad8 22. Be5 Bf6 23. Rfe1 Qd5 24. Rad1 Rc8 25. Rc1 Rfd8 26. Bxf6 gxf6
27. Red1 Rd7 28. Rc3 Rg7 29. Qc2 Bb7 30. Rd2 Kh8 31. Ne3 Rxc3 32. Qxc3 Qd8 33.
Qc4 f4 34. Nf1 Bd5 35. Qc3 Qg8 36. Qc2 f5 37. Rf2 f3 38. g3 Qf7 39. Qc3 Qh5 40.
Kh2 f4 41. Qc8+ Rg8 42. Qc7 fxg3+ 43. Nxg3 Qg5 44. Rc2 h5 45. Qe5+ Qxe5 46.
dxe5 Rg5 47. Rf2 Rxe5 48. h4 Kh7 49. Nf1 Kg6 50. Nd2 Re3 51. Kg3 e5 52. Nf1 Rc3
53. Rd2 Bc6 54. Kf2 Kf5 55. Ne3+ Kf4 56. Nc4 e4 57. Rd6 Rc2+ 58. Kf1 Bb5 59.
Rf6+ Kg3 60. Rg6+ Kxh4 61. Ke1 Bxc4 62. bxc4 e3 0-1

[Event "Frankfurt Ch 2010"]
[Site "Ffm-Kalbach, LAZ"]
[Date "2010.04.26"]
[Round "1.71"]
[White "Dages, Rolf Hermann"]
[Black "Hitzer, Dieter"]
[Result "0-1"]
[WhiteElo "1600"]
[BlackElo "1799"]
[PlyCount "88"]
[EventDate "2010.??.??"]
[SourceDate "2009.03.13"]
[WhiteTeam "SC Eschborn 1974"]
[BlackTeam "Bad Vilbeler Sfr.1985"]

1. d4 Nf6 2. Nc3 e6 3. Bg5 h6 4. Bh4 Be7 5. h3 b6 6. e4 d6 7. Bb5+ c6 8. Bd3
Nbd7 9. Qe2 O-O 10. e5 Nd5 11. Qe4 f5 12. exf6 N7xf6 13. Nxd5 Nxe4 14. Nxe7+
Kf7 15. Bxe4 g5 16. Nxc6 Qc7 17. Bg3 Bb7 18. d5 exd5 19. Bxd5+ Kg7 20. O-O-O
Bxc6 21. Nf3 Bxd5 22. Rxd5 Qc4 23. Rxd6 Qxa2 24. Be5+ Kh7 25. Rd7+ Rf7 26.
Rxf7+ Qxf7 27. h4 g4 28. Ng5+ hxg5 29. hxg5+ Kg6 30. Bf6 Qd5 31. Rh6+ Kf5 32.
f3 Re8 33. fxg4+ Kxg4 34. b3 Re2 35. Kb2 Qd2 36. Ka3 Qxc2 37. Rh3 Qc5+ 38. b4
Re3+ 39. Rxe3 Qxe3+ 40. Ka4 Qe8+ 41. Ka3 b5 42. Kb3 Qe4 43. g3 Kf5 44. g4+ Kg6
0-1